Effective advertising (Record no. 85881)

MARC details
000 -LEADER
fixed length control field 00469nam a2200193Ia 4500
008 - FIXED-LENGTH DATA ELEMENTS--GENERAL INFORMATION
fixed length control field 230125s9999 xx 000 0 und d
020 ## - INTERNATIONAL STANDARD BOOK NUMBER
International Standard Book Number 81-7829-370-6
041 ## - LANGUAGE CODE
Language code of text/sound track or separate title eng
082 ## - DEWEY DECIMAL CLASSIFICATION NUMBER
Classification number 659.1
Item number TEL
100 ## - MAIN ENTRY--PERSONAL NAME
Personal name Tellis G J
9 (RLIN) 109185
245 ## - TITLE STATEMENT
Title Effective advertising
260 ## - PUBLICATION, DISTRIBUTION, ETC. (IMPRINT)
Date of publication, distribution, etc. 2004
Name of publisher, distributor, etc. Response Books
Place of publication, distribution, etc. New Delhi
300 ## - PHYSICAL DESCRIPTION
Extent 201p
500 ## - GENERAL NOTE
Keywords advertising
650 ## - SUBJECT ADDED ENTRY--TOPICAL TERM
Topical term or geographic name as entry element Advertising
700 ## - ADDED ENTRY--PERSONAL NAME
Personal name Tellis G J
9 (RLIN) 109185
906 ## - LOCAL DATA ELEMENT F, LDF (RLIN)
b 56
Holdings
Withdrawn status Lost status Damaged status Not for loan Home library Current library Date acquired Vendor Cost, normal purchase price Bill number Total Checkouts Full call number Barcode Date last seen Cost, replacement price Bill Date Koha item type Original Barcode
        Smt. Hiraben Nanavati Institute of Management & Research for Women Smt. Hiraben Nanavati Institute of Management & Research for Women 02/08/2004 Abha book seller 280.00 266   659.1 TEL B03990 HIMR-BK-3990 25/01/2023 224.00 22/07/2004 Books B03990